| 000 | 00984nam a22002175i 4500 | ||
|---|---|---|---|
| 001 | 166294 | ||
| 003 | ES-MaACL | ||
| 005 | 20250726075518.0 | ||
| 008 | 990423s1874 fr |||| | fre d | ||
| 040 |
_aCCPB | B _bspa _cCCPB | B |
||
| 080 | _a821.124 Cicerón, Marco Tulio 7 Epistolae ad familiares.07 | ||
| 100 | 1 |
_aThurot, Charles. _9133243 |
|
| 245 | 1 | 0 |
_aCicéron epistolae ad familiares _b: notice sur un manuscrit du XII siécle / _cpar Charles Thurot. |
| 260 |
_aParis : _bLibrairie A. Franck, _c1874 ( _fNogent-le-Rotrou, imprimerie de A. Gouverneur) |
||
| 300 |
_a49 p. ; _c24 cm. |
||
| 490 | 1 |
_aBibliothéque de l'école des hautes études. Sciences philologiques et historiques ; _vfasc. 17 |
|
| 600 | 1 | 4 |
_aCicerón, Marco Tulio. _tEpistolae ad familiares. _9146106 |
| 830 | 0 | 0 |
_aBibliothèque de l'École des Hautes Études. Sciences historiques et philologiques _vfasc. 17 _9229685 |
| 852 |
_aES-MaACL _jC-7561 _z-- Enc. hol. |
||
| 999 |
_c166294 _d166294 |
||